| 000 | 01465nam a2200289Ia 4500 | ||
|---|---|---|---|
| 003 | OSt | ||
| 005 | 20200708155247.0 | ||
| 008 | 191128r1996 ck a gr 001 0dspa d | ||
| 020 | _a9586014665 | ||
| 040 |
_aCO-JMCR _cCO-JMCR |
||
| 082 | 0 | 4 |
_a330.9861 / _bO151h _223 |
| 100 | 1 |
_aOcampo, José Antonio, _ecompilador _96129 |
|
| 245 | 1 | 0 |
_aHistoria económica de Colombia / _cGermán Colmenares, Jaime Jaramillo Uribe y Hermes Tovar Pinzón [y otros] ; José Antonio Ocampo (compilador) |
| 250 | _aCuarta edición | ||
| 260 |
_aBogotá : _bTercer Mundo, Fedesarrollo, _c1994. |
||
| 300 |
_a336 páginas : _bgráficos a blanco y negro ; _c 23 cm. |
||
| 500 | _aBibliografía: páginas 332-336 | ||
| 505 | 0 | _aLa formación de la economía colonial (1500-1740) -- La economía del virreinato (1740-1810) -- Las vicisitudes del modelo liberal (1850-1899) -- El despegue cafetero (1900-1928) -- Crisis mundial y cambio estructural (1929-1945) | |
| 520 | 0 | _aEsta obra considerada ya como clásico de la historia económica, recoge los avances del conocimiento en esta materia y ofrece una visión global del desarrollo del área en cuestión. | |
| 650 | 1 | 4 |
_aHistoria económica _zColombia _96882 |
| 650 | 2 | 4 |
_aFormación económica _96883 |
| 650 | 2 | 4 |
_aCrisis mundial _96884 |
| 700 | 1 |
_aJaramillo Uribe, Jaime, ; _eautor _96885 |
|
| 700 | 1 |
_aTovar Pinzón, Hermes, ; _eautor _96886 |
|
| 700 | 1 |
_aOcampo, José Antonio, _ecompilador _96129 |
|
| 942 |
_2ddc _cBK |
||
| 999 |
_c6753 _d6753 |
||